[Event "Navarra-ch"]
[Site "Pamplona"]
[Date "2016.04.30"]
[Round "7"]
[White "Sancinena Arpide, Juan"]
[Black "Garisoain Ardanaz, Alvaro"]
[Result "0-1"]
[WhiteElo "1605"]
[BlackElo "1739"]
[PlyCount "83"]
[EventDate "2016.03.05"]
[EventType "swiss"]
[EventRounds "8"]
[EventCountry "ESP"]
[SourceTitle "EXT 2018"]
[Source "ChessBase"]
[SourceDate "2017.10.13"]
[SourceVersion "1"]
[SourceVersionDate "2017.10.13"]
[SourceQuality "1"]

1. e4 d6 2. d4 Nf6 3. Nc3 Nbd7 4. f4 e5 5. Nf3 Be7 6. Bc4 0-0 7. 0-0 a6 8. fxe5 dxe5 9. dxe5 Ng4 10. e6 Bc5+ 11. Nd4 Nde5 12. exf7+ Kh8 13. Bd5 c6 14. Kh1 cxd5 15. Nxd5 Qh4 16. Bf4 Nf2+ 17. Rxf2 Qxf2 18. Bxe5 Rxf7 19. Nf3 Bg4 20. Bg3 Qxf3 21. gxf3 Bxf3+ 22. Qxf3 Rxf3 23. Kg2 Rf7 24. Re1 Rd8 25. c4 Rdf8 26. Re2 Re8 27. b4 Bd4 28. e5 Re6 29. Nf4 Rxe5 30. Ng6+ hxg6 31. Bxe5 Re7 32. Bxg7+ Rxg7 33. c5 Bc3 34. a3 Rd7 35. Kf3 Rf7+ 36. Kg4 Kg7 37. Rc2 Be5 38. h4 Kh6 39. c6 Rf4+ 40. Kh3 bxc6 41. Rxc6 Rf3+ 42. Kg4 0-1

[Event "Navarra-ch"]
[Site "Pamplona"]
[Date "2016.04.23"]
[Round "6"]
[White "Ortin Blanco, Inigo"]
[Black "Garisoain Ardanaz, Alvaro"]
[Result "1-0"]
[WhiteElo "2047"]
[BlackElo "1739"]
[PlyCount "69"]
[EventDate "2016.03.05"]
[EventType "swiss"]
[EventRounds "8"]
[EventCountry "ESP"]
[SourceTitle "EXT 2018"]
[Source "ChessBase"]
[SourceDate "2017.10.13"]
[SourceVersion "1"]
[SourceVersionDate "2017.10.13"]
[SourceQuality "1"]

1. d4 Nf6 2. Bg5 e6 3. e4 h6 4. Bxf6 Qxf6 5. Nf3 Bb4+ 6. c3 Ba5 7. a4 a6 8. b4 Bb6 9. a5 Ba7 10. Bd3 0-0 11. h4 d6 12. e5 dxe5 13. Nxe5 Nd7 14. Qe2 Nxe5 15. dxe5 Qf4 16. Nd2 h5 17. 0-0-0 Qh6 18. Kc2 Bd7 19. g4 hxg4 20. Qxg4 Bxf2 21. Rdf1 Ba4+ 22. Nb3 Rad8 23. Rh3 Be3 24. Rf6 Rxd3 25. Rxh6 Rd2+ 26. Kb1 Bxb3 27. Rxe3 Rfd8 28. Rg3 Bc2+ 29. Kc1 g6 30. Qh5 Rd1+ 31. Kxc2 R8d2+ 32. Kb3 Kf8 33. Rh8+ Ke7 34. Qg5+ Kd7 35. Rd8+ 1-0

[Event "Navarra-ch"]
[Site "Pamplona"]
[Date "2016.04.16"]
[Round "5"]
[White "Garisoain Ardanaz, Alvaro"]
[Black "Marin Salvador, Ruben"]
[Result "1-0"]
[WhiteElo "1739"]
[BlackElo "1692"]
[PlyCount "43"]
[EventDate "2016.03.05"]
[EventType "swiss"]
[EventRounds "8"]
[EventCountry "ESP"]
[SourceTitle "EXT 2018"]
[Source "ChessBase"]
[SourceDate "2017.10.13"]
[SourceVersion "1"]
[SourceVersionDate "2017.10.13"]
[SourceQuality "1"]

1. Nf3 Nf6 2. c4 g6 3. d4 Bg7 4. Nc3 0-0 5. e4 d6 6. Bg5 Bg4 7. Be2 c5 8. dxc5 dxc5 9. Qxd8 Rxd8 10. Bxf6 Bxf6 11. Nd5 Rxd5 12. exd5 Bxb2 13. Rb1 Bc3+ 14. Nd2 Bf5 15. Rxb7 Nd7 16. g4 Be4 17. f3 Bc2 18. Rxd7 Rb8 19. Bd1 Bd3 20. Bb3 a5 21. Kd1 a4 22. Bc2 1-0

[Event "Navarra-ch"]
[Site "Pamplona"]
[Date "2016.03.05"]
[Round "1"]
[White "Garisoain Ardanaz, Alvaro"]
[Black "Vinal Gutierrez, Pedro"]
[Result "0-1"]
[WhiteElo "1739"]
[BlackElo "2049"]
[PlyCount "94"]
[EventDate "2016.03.05"]
[EventType "swiss"]
[EventRounds "8"]
[EventCountry "ESP"]
[SourceTitle "EXT 2018"]
[Source "ChessBase"]
[SourceDate "2017.10.13"]
[SourceVersion "1"]
[SourceVersionDate "2017.10.13"]
[SourceQuality "1"]

1. Nf3 d5 2. c4 e6 3. e3 c6 4. Nc3 Bd6 5. Be2 Nd7 6. 0-0 Ngf6 7. b3 0-0 8. Bb2 Qe7 9. Qc2 Ne5 10. h3 Nxf3+ 11. Bxf3 dxc4 12. bxc4 e5 13. e4 Be6 14. Ne2 Nd7 15. Ng3 Bc5 16. Rae1 Qf6 17. Nf5 g6 18. Nh6+ Kg7 19. Ng4 Bxg4 20. Bxg4 Rad8 21. Kh1 Qd6 22. f4 Bd4 23. f5 Nf6 24. Rd1 h5 25. Bf3 g5 26. g4 hxg4 27. hxg4 Rh8+ 28. Kg2 Rh4 29. Rh1 Rdh8 30. Rxh4 Rxh4 31. Rh1 Rxh1 32. Kxh1 Nd7 33. Qc1 Nc5 34. Ba3 Qh6+ 35. Kg2 Nd3 36. Bf8+ Kxf8 37. Qa3+ Nc5 38. Qxa7 Qh4 39. Qb8+ Kg7 40. f6+ Kh7 41. Qf8 Qf2+ 42. Kh3 Qxf3+ 43. Kh2 Qf2+ 44. Kh3 Qh4+ 45. Kg2 Qxg4+ 46. Kh2 Qf4+ 47. Kh3 Qxf6 0-1